000 00951nam0a22002891 4500
001 RU\INFOCOMM_327\NLR\5000047489
005 20250614080121.0
035 _a(NLR Aleph) 010593980
090 _a10512939
_c10512939
100 _a20130304d1973 |||y0rusy50 ca
101 0 _afre
102 _aRU
105 _aac z||||
200 1 _aˆLa ‰bataille du Caucase
_fVictor Mouratov
210 _aM.
_cÉd. de l'Agence de presse "Novosti"
_d1973
215 _a55 с., 16 л. ил., портр.
_cил., портр.
_d20 см
300 _aВ вып. дан.: В. Муратов. Битва за Кавказ
300 _aНа обл. авт. не указан
620 _aМосква
686 _aВ3-2030
_2rubbk
686 _aˆ[‰Ц35(2)726.235]
_2rubbk
700 1 _aMuratov
_bV. V.
_f1932-
_gViktor Vladimirovič
801 1 _aRU
_bInfocomm
_c20130304
801 0 _aRU
_bINFOCOMM
_gPSBO
852 _aNLR
_jВ11 Д-4/15
942 _cBOOK
980 _aNB